Giáo trình cơ sở hóa học hứu cơ

Salvato in:
Dettagli Bibliografici
Natura: Libro
Tags: Aggiungi Tag
Nessun Tag, puoi essere il primo ad aggiungerne! !
Thư viện lưu trữ: Mạng thư viện Đại học Đà Nẵng
LEADER 00485nam a2200181 4500
001 000013414
003 9755
005 20150812150809.0
008 120314s sd
245 0 0 |a Giáo trình cơ sở hóa học hứu cơ  |c Trần, Quốc Sơn (tác giả) 
OWN |a LSP 
999 |a From the UDN01 
TYP |a Monograph 
TYP |a Printed language 
980 |a Mạng thư viện Đại học Đà Nẵng